00960nam a2200229 i 4500001000700000003000700007005001700014008004100031080002200072100004900094245004400143260003500187300005800222490005000280504002700330599002600357600004200383830005800425852010500483999001900588952012300607187155SpMaBN20251012210007.0170426s1948 sp af |||| |bspa d a75 Lucas, Eugenio0 aGaya Nuño, Juan Antonio,d1913-197695613010aEugenio Lucas / cpor J.A. Gaya Nuño. aBarcelona : bCobalto, c1948. a[1] p. de lám., 47 p., [24] p. de lám. ; c25 cm.1 aEl arte y los artistas españoles desde 1800 aBibliografía: p. 47. a[1] p. de lám. col.17aLucas, Eugenio, d1817-1870291507370 aEl arte y los artistas españoles desde 18009225524 aES-MaACLjL-31486 z- enc. cart. z. - Donat. herederos de la bibl. de Mª del Pilar Costa Palacín c187155d187155 00104070aATENEOMbATENEOMcDEPO2d2017-04-26eDONl0oL-31486p1197456r2023-02-23 00:00:00w2023-02-23yMONOGRAFIA